Catàleg del Col·legi de Periodistes de Catalunya

Los siete hábitos de la gente desinformada (Registre núm. 7235)

000 -CABECERA
Longitud fija campo de control nam a22 7a 4500
003 - IDENTIFICADOR DEL NÚMERO DE CONTROL
Identificador del número de control OSt
005 - FECHA Y HORA DE LA ÚLTIMA TRANSACCIÓN
Fecha y hora de la última transacción 20190703173657.0
008 - CÓDIGOS DE INFORMACIÓN DE LONGITUD FIJA
Códigos de información de longitud fija 190703s2019 spc|||||||||| 0|0 | spa|d
017 ## - NÚMERO DE COPYRIGHT O DE DEPÓSITO LEGAL
Número de copyright o de depósito legal DL B-7.750-2019
Agencia que asigna el número Biblioteca de Catalunya
020 ## - NÚMERO INTERNACIONAL NORMALIZADO PARA LIBROS
Número Internacional Normalizado para Libros (ISBN) 9788416883721
040 ## - FUENTE DE LA CATALOGACIÓN
Centro catalogador de origen ES-BaUIC
Lengua de catalogación cat
Centro transcriptor CDMR
100 1# - PUNTO DE ACCESO PRINCIPAL-NOMBRE DE PERSONA
Nombre de persona Argemí Ballbé, Marc
9 (RLIN) 3900
Fechas asociadas al nombre 1979-
245 14 - MENCIÓN DE TÍTULO
Título Los siete hábitos de la gente desinformada
Resto del título : cómo informarse y tomar decisiones en las redes sociales /
Mención de responsabilidad, etc. Marc Argemí
260 ## - PUBLICACIÓN, DISTRIBUCIÓN, ETC. (PIE DE IMPRENTA)
Lugar de publicación, distribución, etc. Barcelona :
Nombre del editor, distribuidor, etc. Conecta,
Fecha de publicación, distribución, etc. 2019
300 ## - DESCRIPCIÓN FÍSICA
Extensión 220 p. ;
Dimensiones 23 cm
504 ## - NOTA DE BIBLIOGRAFÍA, ETC
Nota de bibliografía, etc. Inclou referències bibliogràfiques
650 #7 - PUNTO DE ACCESO ADICIONAL DE MATERIA - TÉRMINO DE MATERIA
Término de materia o nombre geográfico como elemento inicial Desinformació
Fuente del encabezamiento o término lemac
9 (RLIN) 4286
650 07 - PUNTO DE ACCESO ADICIONAL DE MATERIA - TÉRMINO DE MATERIA
Término de materia o nombre geográfico como elemento inicial Mitjans de comunicació de massa
Subdivisión de materia general Influència
Fuente del encabezamiento o término lemac
9 (RLIN) 3542
650 07 - PUNTO DE ACCESO ADICIONAL DE MATERIA - TÉRMINO DE MATERIA
Término de materia o nombre geográfico como elemento inicial Xarxes socials en línia
Fuente del encabezamiento o término lemac
9 (RLIN) 3128
942 ## - ENTRADA DE ELEMENTOS AGREGADOS (KOHA)
Koha [por defecto] tipo de item Monografies
Fons
Suprimido Perdido Estropeado No para préstamo Localización permanente Localización actual Fecha adquisición Fuente de adquisición Coste, precio normal de compra Préstamos totales Renovaciones totales Código de barras Fecha última consulta Fecha último préstamo Coste, precio reemplazado Fecha del precio de reemplazo Tipo de item de Koha
  Long Overdue (Lost)     Centre de Documentació Montserrat Roig Centre de Documentació Montserrat Roig 2019-07-03 Donació 18.90 5 5 CDMR19071262 2020-07-13 2020-07-13 18.90 2019-07-03 Monografies

Implantat amb Koha